Culture Générale - Série 1661 - Statistiques

Statistiques générales
  • Ce quiz a été pris 85 fois
  • Le résultat moyen est 4 sur 10
Statistiques - réponses
Question Réponse % Correct
Il est possible de régler ses factures grâce à un T.I.P., un titre interbancaire de... paiement
74%
Quel logiciel conçu pour faciliter l'apprentissage d'une procédure informatique est souvent appelé "un tuto", sur Internet ? tutoriel
71%
A quelle friandise molle, faite de gomme et de sucre, compare-t-on un film fade et sentimental ? guimauve
55%
Quel adjectif qualifie un magazine qui paraît tous les deux mois ? bimestriel
49%
De quoi a continuellement besoin de faire une personne souffrant de potomanie ? boire
44%
Au théâtre, quelles fleurs ont la réputation de porter malheur ? oeillets
43%
A quel guitariste de jazz, d'origine gitane et prénommé Django, doit-on le morceau : "Nuages", enregistré en 1940 ? Django Reinhardt
38%
Quel nom d'instrument de fanfare est issu du verbe "beugler" ? bugle
23%
Dans quel État européen se trouvent les régions d'Ösling et de Gutland ? Luxembourg
11%
Quelle gâteau feuilleté triangulaire, fourré de frangipane et recouvert d'un glaçage, porte un nom évoquant un religieux ? jésuite
8%
Aucun quiz correspondant
Distribution des résultats
% des personnes avec chaque résultat
Percentile par nombre de réponses
Votre historique - résultats
Vous n’avez pas pris ce quiz